000 00874nas a2200289 4500
001 BR2015003644
003 BR-BrBNA
005 20231205125434.0
007 ta
008 230509b bl.|||p| |||| 00| 00por d
040 _aBR-BrBNA
_bpor
_cBiblioteca Nacional de Agricultura
041 _a(En)
072 _aP01; M12
100 1 _aBorges, A.F.
100 1 _aSantos, A.A.
100 1 _aRezende, J.L.P. de
100 1 _aBorges, m. dos A.C.S.
100 1 _aCiríaco, A. da P.
100 1 _aSantiago, T.M.O.
245 1 _aEnvironmental performance of aquaculture in Rondônia state, Brazil
650 _aAQUICULTURA
650 _aDESENVOLVIMENTO SUSTENTÁVEL
650 _aAMAZÔNIA
773 0 _tRevista Ceres (Brazil)
_xISSN 0034-737X
_g(Mar-Apr 2015), v. 62(2) p. 208-214
_wBR2015003644
909 _a202311
_bLúcia
_c55
_dLúcia Elande
942 _2AGRIS
_n0
_cANA
999 _c244377
_d244377